Les fruits #8 - La fraise - Statistiques

Statistiques générales
  • Ce quiz a été pris 119 fois
  • Le résultat moyen est 5 sur 10
Statistiques - réponses
Informations Réponses % Correct
Plante Fraisier
96%
Couleur Rouge
94%
Pays qui en produit le plus en Europe Espagne
80%
Pays qui en produit le plus Chine
47%
Origine Asie | Amérique | Europe
45%
Rang du fruit le plus cultivé dans le monde 19
40%
Variétés sucrées de la fraise Cirafine | Cigaline | Gariguette | Seascape
25%
Personne qui produit les fraises Fraisiculteur
11%
Nom scientifique Fragaria × ananassa
6%
Famille Rosacées
6%
Aucun quiz correspondant
Distribution des résultats
% des personnes avec chaque résultat
Percentile par nombre de réponses
Votre historique - résultats
Vous n’avez pas pris ce quiz